| 000 | 00000nam##2200000za#4500 |
| 001 | 9.644387 |
| 003 | CaOODSP |
| 005 | 20250506145324 |
| 007 | cr ||||||||||| |
| 008 | 150407|1965||||xxc|||||o f|0| 0 fre|d |
| 040 | |aCaOODSP|bfre |
| 043 | |an-cn--- |
| 086 | 1 |aA53-1129/1965F-PDF |
| 110 | 1 |aCanada.|bAgriculture Canada. |
| 245 | 10|aVentilation des étables, poulaillers et porcheries / |h[ressource électronique]|cCompilé par C.G.E. Downing et W.R. Milne. |
| 260 | |aOttawa - Ontario : |bAgriculture Canada |cc1965. |
| 300 | |a12p. |
| 500 | |aPublication historique numérisée par Agriculture et Agroalimentaire Canada. |
| 590 | |a15-05-Supp|b2015-03-31 |
| 691 | 07|aCultures fruitières|2gcpds |
| 775 | 08|tVentilation of dairy, poultry and pig buildings / |w(CaOODSP)9.700504 |
| 856 | 40|ahttp://publications.gc.ca|qPDF|s3704 Ko|uhttps://publications.gc.ca/collections/collection_2015/aac-aafc/A53-1129-1965-fra.pdf |